000 05411cam a22018974i 4500
003 PE-LiUPU
005 20250813165521.0
008 180611s2017 sp rb 000 0 spa d
020 _a8491710469
020 _a9788491710462
035 _a(Sirsi) a248843
040 _aPE-LiUPU
_bspa
_cPE-LiUPU
_erda
049 _aPRUA
082 0 4 _a616.89156
_bC88
_220
082 0 4 _a159.9221
_bC88 2017
100 1 _aCrespi Asensio, Elena,
_eautor.
245 1 0 _aTerapia sexual en pareja /
_cElena Crespi Asensio.
264 1 _aMadrid :
_bSíntesis,
_c2017.
300 _a186 páginas ;
_c22 centímetros.
336 _atext
_2rdacontent
337 _aunmediated
_2rdamedia
338 _avolume
_2rdacarrier
490 0 _aEducación y terapia sexual ;
_v9.
504 _aBibliografía : páginas 185-186.
505 0 _aSexualidad, sexualidades -- El contexto profesional -- Consideraciones previas al inicio de la terapia sexual -- Disfunciones sexuales -- Cuando el placer llega antes de lo deseado: la eyaculación precoz -- Cuando el cuerpo no responde lo suficiente: disfunción eréctil -- Cuando el placer no aparece: eyaculación retardad y anorgasmia -- Cuando el cuerpo cierra sus puertas: vaginismo -- Cuando el dolor impide el placer: dispareunia -- Cuando el miedo pone freno al sexo: aversión al sexo -- Cuando el apetito se pierde o no aparece: deseo sexual hipoactivo --Otras situaciones y transtornos -- No podemos olvidar -- Juguetes sexuales y terapia -- Ingredientes básicos para una terapia sexual -- Los elementos de una sexualidad sana.
526 _aP203
526 _aP200
526 _aSEG65
526 _aSEG64
526 _aSEG63
526 _aSEG62
526 _aSEG61
526 _aSEG60
526 _aSEG59
526 _aSEG58
526 _aSEG57
526 _aSEG56
526 _aSEG55
526 _aSEG54
526 _aSEG53
526 _aSEG52
526 _aSEG51
526 _aSEG50
526 _aSEG49
526 _aSEG48
526 _aSEG47
526 _aSEG46
526 _aSEG24
526 _aSEG23
526 _aSEG22
526 _aSEG21
526 _aSEG20
526 _aSEG19
526 _aSEG18
526 _aSEG17
526 _aSEG16
526 _aSEG14
526 _aSEG13
526 _aSEG12
526 _aSEG11
526 _aSEG10
526 _aSEG09
526 _aSEG06
526 _aSEG05
526 _aSEG04
526 _aSEG03
526 _aSEG02
526 _aSEG68
526 _aSEG66
526 _aSEG45
526 _aSEG25
526 _aSEG01
526 _aP163
526 _aP162
526 _aP161
526 _aP160
526 _aP159
526 _aP158
526 _aP157
526 _aP156
526 _aP155
526 _aP154
526 _aP153
526 _aP152
526 _aP151
526 _aP150
526 _aP149
526 _aP142
526 _aP141
526 _aP140
526 _aP139
526 _aP138
526 _aP137
526 _aP132
526 _aP131
526 _aP130
526 _aP126
526 _aP125
526 _aP124
526 _aP123
526 _aP115
526 _aP122
526 _aP121
526 _aP116
526 _a P114
526 _aP112
526 _aP111
526 _aP104
526 _aP103
526 _aP102
526 _aP101
526 _aP100
526 _aP96
526 _aP95
526 _aP93
526 _aP92
526 _aP91
526 _aP88
526 _aP83
526 _aP82
526 _aP79
526 _aP78
526 _aP75
526 _aP74
526 _aP71
526 _aP69
526 _a P51
526 _aP49
526 _aP48
526 _aP47
526 _aP33
526 _aP31
526 _a P30
526 _aP29
526 _aP27
526 _aP26
526 _aP25
526 _aP24
526 _a P22
526 _aP10
526 _aP09
526 _a P08
526 _aP06
526 _aP05
526 _aP04
526 _aP01
541 _g002-00000085;
541 _g002-00000235;
541 _g002-00001573;
650 0 4 _aTerapia sexual.
_2 embucm
650 0 7 _aSex Therapy.
_2 embucm
910 _adbm
_bncf
_cncf
_d20180611
910 _abrg
_bksl
_cksl
_d20190806
942 _2ddc
_cBOOK
949 _a159.9221 C88 2017
_wDEWEY
_c1
_iFT03711
_lCCODEBUT1
_mBUT
_p{dolar}91.00
_r0
_sY
_tBOOK
_u2018-08-23
_xFSALUD
_PP33
_0COMPRA
_o.STAFF. Colección General Tarapoto
994 _aC0
_bPEPRU
596 _a1 2
999 _a616.89156 C88
_wDEWEY
_c28471
_i78669
_d28471
_e2018-6-18
_f2021-11-4
_g4
_lCCODEBUL1
_mBUL
_n1
_p27.89
_q1
_r0
_sY
_tBOOK
_u2018-6-11
_xSALUD
_zP33
_0COMPRA
_1FCOMPRA
_o.STAFF. Colección Ciencias de la Salud
999 _a616.89156 C88
_wDEWEY
_c2
_i80489
_f2021-11-4
_g3
_lCCODEBUL1
_mBUL
_p26.96
_r0
_sY
_tBOOK
_u2019-8-6
_xSALUD
_zP33
_0COMPRA
_1FCOMPR3
_o.STAFF. Colección Ciencias de la Salud
999 _a159.9221 C88 2017
_wDEWEY
_c1
_iFT03711
_d2018-10-3
_e2018-10-1
_f2019-2-20
_g1
_lCCODEBUT1
_mBUT
_n1
_p91.00
_r0
_sY
_tBOOK
_u2018-8-23
_xSALUD
_zP33
_0COMPRA
_o.STAFF. Colección General Tarapoto
980 _81
_gALBERTO SANCHEZ Responsable de Automatización